[Event "ESP-chT CECLUB Div2"]
[Site "Linares"]
[Date "2023.08.15"]
[Round "3.28"]
[White "Balbuena Fuentes, Mario"]
[Black "Centeno Mendoza, Julio Stefano"]
[Result "1-0"]
[WhiteElo "2261"]
[BlackElo "2172"]
[PlyCount "89"]
[EventDate "2023.08.13"]
[EventType "team-swiss"]
[EventRounds "7"]
[EventCountry "ESP"]
[SourceTitle "EXT 2024"]
[Source "ChessBase"]
[SourceDate "2023.10.10"]
[SourceVersion "1"]
[SourceVersionDate "2023.10.10"]
[SourceQuality "1"]
[WhiteTeam "Sevilla Casa del Ajedrez"]
[BlackTeam "Collado Villalba"]
[WhiteTeamCountry "ESP"]
[BlackTeamCountry "ESP"]

1. e4 e5 2. Nf3 Nc6 3. Bb5 a6 4. Ba4 Nf6 5. 0-0 Be7 6. d3 b5 7. Bb3 d6 8. a3 Na5 9. Ba2 c5 10. Nc3 Nc6 11. Nd5 Nxd5 12. Bxd5 Qc7 13. b4 Bb7 14. bxc5 dxc5 15. Bb2 Bf6 16. a4 0-0 17. Qd2 Rfe8 18. Rfb1 b4 19. h3 Na5 20. Bxb7 Qxb7 21. Nh2 h5 22. f4 Rad8 23. Qe2 g6 24. Rf1 c4 25. fxe5 Bxe5 26. Bxe5 Rxe5 27. Nf3 Re7 28. Qe3 b3 29. Qh6 Qb6+ 30. Kh1 bxc2 31. e5 f5 32. Nh4 Rh7 33. Qg5 Rg7 34. dxc4 Re8 35. Rac1 Nxc4 36. Nf3 Qe3 37. Qf6 a5 38. Rxc2 Qd3 39. Rfc1 Ne3 40. Rc8 Qd7 41. R8c7 Qxc7 42. Rxc7 Rxc7 43. Qxg6+ Kf8 44. Qh6+ Ke7 45. Qd6+ 1-0

[Event "ESP-ch U14"]
[Site "Salobrena"]
[Date "2022.07.22"]
[Round "8"]
[White "Centeno Mendoza, Julio Stefano"]
[Black "Habans Aguerrea, Javier"]
[Result "0-1"]
[WhiteElo "2148"]
[BlackElo "2374"]
[PlyCount "104"]
[EventDate "2022.07.18"]
[EventType "swiss"]
[EventRounds "9"]
[EventCountry "ESP"]
[SourceTitle "EXT 2023"]
[Source "ChessBase"]
[SourceDate "2022.10.05"]
[SourceVersion "1"]
[SourceVersionDate "2022.10.05"]
[SourceQuality "1"]

1. e4 c5 2. c3 Nf6 3. e5 Nd5 4. Bc4 Nb6 5. Bb3 c4 6. Bc2 d6 7. exd6 Qxd6 8. Nf3 Qe6+ 9. Qe2 Nc6 10. b3 Qxe2+ 11. Kxe2 e5 12. bxc4 Nxc4 13. d3 Nb6 14. Be3 Bf5 15. Bb3 f6 16. Bxb6 axb6 17. Nbd2 0-0-0 18. Ne4 Kc7 19. Rad1 Be7 20. Ng3 Bd7 21. d4 exd4 22. Nxd4 Nxd4+ 23. cxd4 Ba3 24. f3 Bc6 25. Nh5 Rd7 26. Nf4 Kb8 27. Kf2 Bb5 28. Nd5 Bc6 29. Nc3 Bb2 30. d5 Bxc3 31. dxc6 Bd4+ 32. Kg3 bxc6 33. Kh3 Rhd8 34. a4 Kc7 35. Rc1 c5 36. Bc4 Re7 37. Bb5 Rd5 38. g3 Rh5+ 39. Kg2 Rd5 40. Kh3 g5 41. Kg4 Re3 42. Rhf1 Rde5 43. Rc4 Kd6 44. Rd1 Re1 45. Rd2 Ke7 46. Rcc2 f5+ 47. Kh3 Kf6 48. Kg2 Rg1+ 49. Kh3 h5 50. Be2 g4+ 51. Kh4 Rh1 52. Bd1 Ree1 0-1

[Event "ESP-ch U14"]
[Site "Salobrena"]
[Date "2022.07.20"]
[Round "5"]
[White "Munoz Osete, Marcos"]
[Black "Centeno Mendoza, Julio Stefano"]
[Result "0-1"]
[WhiteElo "1678"]
[BlackElo "2148"]
[PlyCount "64"]
[EventDate "2022.07.18"]
[EventType "swiss"]
[EventRounds "9"]
[EventCountry "ESP"]
[SourceTitle "EXT 2023"]
[Source "ChessBase"]
[SourceDate "2022.10.05"]
[SourceVersion "1"]
[SourceVersionDate "2022.10.05"]
[SourceQuality "1"]

1. d4 d5 2. c4 e6 3. Nc3 Nf6 4. Nf3 Be7 5. Bf4 0-0 6. e3 Nbd7 7. c5 c6 8. Bd3 b6 9. b4 a5 10. a3 Ba6 11. Bxa6 Rxa6 12. h3 Ne4 13. Nxe4 dxe4 14. Ne5 Nxe5 15. Bxe5 Qd5 16. Bc7 axb4 17. axb4 Rxa1 18. Qxa1 bxc5 19. bxc5 Qc4 20. Qa3 Rc8 21. Bb6 Qb5 22. Kd2 Qxb6 23. cxb6 Bxa3 24. Rb1 Rb8 25. f3 exf3 26. gxf3 Kf8 27. e4 c5 28. dxc5 Bxc5 29. b7 Bd6 30. Ke3 g5 31. Kd4 f6 32. Rb6 Ke7 0-1

[Event "Madrid-ch"]
[Site "Madrid"]
[Date "2022.05.31"]
[Round "7"]
[White "Rey Martinez, Jaime"]
[Black "Centeno Mendoza, Julio Stefano"]
[Result "1-0"]
[WhiteElo "2055"]
[BlackElo "2050"]
[PlyCount "47"]
[EventDate "2022.05.25"]
[EventType "swiss"]
[EventRounds "7"]
[EventCountry "ESP"]
[SourceTitle "EXT 2023"]
[Source "ChessBase"]
[SourceDate "2022.10.05"]
[SourceVersion "1"]
[SourceVersionDate "2022.10.05"]
[SourceQuality "1"]

1. e4 e5 2. Nf3 Nc6 3. Nc3 Nf6 4. Bb5 Bb4 5. 0-0 0-0 6. Bxc6 dxc6 7. d3 Re8 8. h3 h6 9. Ne2 Nh5 10. Ng3 Nxg3 11. fxg3 Bf8 12. g4 Be7 13. Qe1 Bg5 14. Qg3 f6 15. h4 Bxc1 16. Raxc1 g5 17. Rf2 Kg7 18. Rcf1 Qd6 19. hxg5 hxg5 20. Nxg5 fxg5 21. Rf7+ Kg8 22. Qh3 Qg6 23. R7f6 Qh7 24. Rf8+ 1-0

[Event "Madrid-ch sf"]
[Site "Madrid"]
[Date "2022.05.09"]
[Round "6"]
[White "Centeno Mendoza, Julio Stefano"]
[Black "Torres Bosch, Jose Francisco"]
[Result "1/2-1/2"]
[WhiteElo "2050"]
[BlackElo "2134"]
[PlyCount "58"]
[EventDate "2022.05.04"]
[EventType "swiss"]
[EventRounds "9"]
[EventCountry "ESP"]
[SourceTitle "EXT 2023"]
[Source "ChessBase"]
[SourceDate "2022.10.05"]
[SourceVersion "1"]
[SourceVersionDate "2022.10.05"]
[SourceQuality "1"]

1. e4 e5 2. Nc3 Nc6 3. Bc4 Nf6 4. d3 Na5 5. Bg5 Bb4 6. Nge2 h6 7. Bxf6 Qxf6 8. 0-0 c6 9. a3 Bxc3 10. Nxc3 Nxc4 11. dxc4 d6 12. Qd3 Bg4 13. f3 Bh5 14. Rad1 Rd8 15. b4 0-0 16. Rd2 Qg5 17. Rfd1 f5 18. exf5 Rxf5 19. Ne4 Rxf3 20. Qxf3 Bxf3 21. Nxg5 Bxd1 22. Ne6 Re8 23. Nc7 Re7 24. Rxd1 Rxc7 25. Rxd6 Kf7 26. Kf2 Ke7 27. Rg6 Kf7 28. Rd6 Ke7 29. Rg6 Kf7 1/2-1/2

[Event "La Roda op 47th"]
[Site "La Roda"]
[Date "2021.12.06"]
[Round "6"]
[White "Fernandez Garcia, Gumersindo"]
[Black "Centeno Mendoza, Julio Stefano"]
[Result "1/2-1/2"]
[WhiteElo "2169"]
[BlackElo "2072"]
[PlyCount "102"]
[EventDate "2021.12.04"]
[EventType "swiss"]
[EventRounds "9"]
[EventCountry "ESP"]
[SourceTitle "CBM 205 Extra"]
[Source "ChessBase"]
[SourceDate "2022.01.31"]
[SourceVersion "1"]
[SourceVersionDate "2022.01.31"]
[SourceQuality "1"]

1. d4 Nf6 2. c4 g6 3. Nc3 d5 4. Nf3 Bg7 5. Qb3 dxc4 6. Qxc4 0-0 7. e4 c6 8. Be2 b5 9. Qd3 Bb7 10. 0-0 a6 11. Bf4 Nbd7 12. Rfd1 Qb6 13. Rac1 Rac8 14. Qb1 c5 15. d5 Rfd8 16. h3 Ne8 17. Rd2 Ndf6 18. a4 b4 19. Nd1 Nh5 20. Be3 e6 21. dxe6 Qxe6 22. Ng5 Qe7 23. Rxd8 Qxd8 24. Bxh5 gxh5 25. e5 h6 26. Qh7+ Kf8 27. Nf3 Bxf3 28. gxf3 Qd5 29. Qe4 Qxe5 30. Qxe5 Bxe5 31. Rxc5 Rxc5 32. Bxc5+ Bd6 33. Bd4 Ke7 34. Ne3 Ke6 35. Kf1 Be5 36. Bc5 b3 37. Ba3 Nd6 38. Bxd6 Kxd6 39. Nd1 Kc5 40. Ke2 Kb4 41. Kd3 h4 42. Ke4 Bg7 43. Kd5 a5 44. f4 Kxa4 45. Kc4 Bxb2 46. Nxb2+ Ka3 47. Kc3 f5 48. Nc4+ Ka2 49. Nb2 Ka3 50. Nc4+ Ka2 51. Nb2 Ka3 1/2-1/2

[Event "La Roda op 47th"]
[Site "La Roda"]
[Date "2021.12.04"]
[Round "2"]
[White "Centeno Mendoza, Julio Stefano"]
[Black "Martin Duque, Jesus"]
[Result "0-1"]
[WhiteElo "2072"]
[BlackElo "2416"]
[PlyCount "98"]
[EventDate "2021.12.04"]
[EventType "swiss"]
[EventRounds "9"]
[EventCountry "ESP"]
[SourceTitle "CBM 205 Extra"]
[Source "ChessBase"]
[SourceDate "2022.01.31"]
[SourceVersion "1"]
[SourceVersionDate "2022.01.31"]
[SourceQuality "1"]

1. e4 c5 2. Nf3 e6 3. d4 cxd4 4. Nxd4 a6 5. Nc3 Qc7 6. Be3 Bb4 7. Nde2 Nf6 8. Qd3 Nc6 9. 0-0-0 0-0 10. f3 d6 11. Bf4 Ne5 12. Bxe5 dxe5 13. g4 b5 14. Nb1 Bb7 15. Qb3 Be7 16. Ng3 Rac8 17. Bd3 Nd7 18. c3 Nc5 19. Qc2 Bg5+ 20. Nd2 Rfd8 21. Be2 b4 22. Kb1 a5 23. cxb4 axb4 24. Nb3 Rxd1+ 25. Rxd1 Qb6 26. Nxc5 Rxc5 27. Qa4 g6 28. Qd7 Rc7 29. Qe8+ Kg7 30. Qb5 Qxb5 31. Bxb5 Bf4 32. Bd3 Kf6 33. Ne2 Be3 34. b3 h5 35. h3 Kg5 36. Bc4 f5 37. gxf5 exf5 38. Bd5 Ba6 39. Nc1 Rc3 40. exf5 gxf5 41. Kb2 Bd4 42. Kb1 h4 43. Re1 Bb5 44. Rd1 Kf4 45. Bb7 Kg3 46. Rh1 Be3 47. Bd5 Rxc1+ 48. Rxc1 Bd3+ 49. Rc2 Kxh3 0-1

[Event "ESP-chT Rapid"]
[Site "Ciudad Real"]
[Date "2021.10.09"]
[Round "1.2"]
[White "Perez Candelario, Manuel"]
[Black "Centeno Mendoza, Julio Stefano"]
[Result "1-0"]
[WhiteElo "2586"]
[BlackElo "2072"]
[PlyCount "51"]
[EventDate "2021.10.09"]
[EventType "team-swiss (rapid)"]
[EventRounds "9"]
[EventCountry "ESP"]
[SourceTitle "CBM 204 Extra"]
[Source "ChessBase"]
[SourceDate "2021.11.30"]
[SourceVersion "1"]
[SourceVersionDate "2021.11.30"]
[SourceQuality "1"]
[WhiteTeam "Extremadura Magic"]
[BlackTeam "Jaque Mate"]
[WhiteTeamCountry "ESP"]
[BlackTeamCountry "ESP"]

1. e4 e5 2. Nf3 Nc6 3. Bb5 a6 4. Ba4 Nf6 5. d3 d6 6. c3 Be7 7. 0-0 0-0 8. Nbd2 b5 9. Bc2 d5 10. Re1 dxe4 11. dxe4 Be6 12. h3 h6 13. Nf1 Kh7 14. Ng3 Qxd1 15. Rxd1 g6 16. Be3 Rfd8 17. Rxd8 Rxd8 18. b4 Bc4 19. Bb3 Bd3 20. Nd2 Kg7 21. a4 bxa4 22. Bxa4 Nb8 23. f3 Nbd7 24. Bb3 Nb6 25. Ngf1 Bxf1 26. Nxf1 1-0

[Event "Collado Villalba op 38th"]
[Site "Collado Villalba"]
[Date "2021.08.25"]
[Round "5"]
[White "Bartolome Benito, Alejandro"]
[Black "Centeno Mendoza, Julio Stefano"]
[Result "0-1"]
[WhiteElo "1530"]
[BlackElo "1988"]
[PlyCount "130"]
[EventDate "2021.08.21"]
[EventType "swiss"]
[EventRounds "9"]
[EventCountry "ESP"]
[SourceTitle "CBM 204 Extra"]
[Source "ChessBase"]
[SourceDate "2021.11.30"]
[SourceVersion "1"]
[SourceVersionDate "2021.11.30"]
[SourceQuality "1"]

1. e4 Nf6 2. e5 Nd5 3. c4 Nb6 4. d4 d6 5. exd6 exd6 6. Nf3 Be7 7. Be2 0-0 8. 0-0 Bg4 9. h3 Bh5 10. Nc3 Nc6 11. d5 Bxf3 12. Bxf3 Ne5 13. b3 Bf6 14. Bb2 Re8 15. Re1 g6 16. g3 Nxf3+ 17. Qxf3 Be5 18. Nd1 Nd7 19. Kg2 f5 20. Bxe5 dxe5 21. Nc3 e4 22. Qe3 Ne5 23. Ne2 Nd3 24. Red1 Qd6 25. Nf4 Nxf4+ 26. Qxf4 b6 27. Qxd6 cxd6 28. Re1 Re7 29. Re2 Rae8 30. h4 Kf7 31. a4 a5 32. b4 Rc7 33. Rc2 Rec8 34. bxa5 bxa5 35. Rac1 Kf6 36. f4 Rc5 37. Kf2 Rb8 38. Ke3 Rb4 39. Kd4 h5 40. Ra1 Ke7 41. Rc3 Kd7 42. Rc2 Rb3 43. Rc3 Rb2 44. Raa3 Rb4 45. Ra1 Rc7 46. Raa3 Rc8 47. Ra2 Rb1 48. Rac2 Rcb8 49. Ra3 R8b4 50. Raa2 Rd1+ 51. Rd2 Rxd2+ 52. Rxd2 Rxa4 53. Rc2 Kc7 54. Ke3 Kb6 55. Rb2+ Rb4 56. Rc2 Kc5 57. Ra2 a4 58. Ke2 Rxc4 59. Kf2 Kxd5 60. Rd2+ Kc5 61. Rb2 a3 62. Ra2 Rc3 63. Kg2 d5 64. Kf2 d4 65. Ke2 d3+ 0-1

[Event "ESP-ch 86th"]
[Site "Linares"]
[Date "2021.08.23"]
[Round "8"]
[White "Centeno Mendoza, Julio Stefano"]
[Black "Lopez Gonzalez, Daniel"]
[Result "1-0"]
[WhiteElo "1988"]
[BlackElo "2193"]
[PlyCount "81"]
[EventDate "2021.08.16"]
[EventType "swiss"]
[EventRounds "9"]
[EventCountry "ESP"]
[SourceTitle "CBM 204 Extra"]
[Source "ChessBase"]
[SourceDate "2021.11.30"]
[SourceVersion "1"]
[SourceVersionDate "2021.11.30"]
[SourceQuality "1"]

1. e4 e6 2. d4 d5 3. e5 c5 4. c3 Nc6 5. Nf3 Bd7 6. a3 c4 7. Nbd2 Na5 8. Be2 Bc6 9. 0-0 Qd7 10. a4 Ne7 11. Qc2 Nc8 12. Bd1 Nb6 13. Ne1 Be7 14. f4 g6 15. g3 0-0-0 16. Ng2 Kb8 17. Ne3 h5 18. h3 Rdg8 19. Kh2 f6 20. exf6 Bxf6 21. h4 Be7 22. Ng2 Bd6 23. Ra2 Nc8 24. Nf3 Nb3 25. a5 Ne7 26. Ne5 Bxe5 27. fxe5 Nxc1 28. Qxc1 g5 29. hxg5 Nf5 30. Nh4 Rg7 31. Bc2 Rhg8 32. Bxf5 Rxg5 33. Bg6 R5xg6 34. Nxg6 Rxg6 35. Rf8+ Kc7 36. Qf4 Rg7 37. Ra1 Ba4 38. Rf1 Bc2 39. Rf7 Rxf7 40. Qxf7 Bf5 41. Rxf5 1-0

[Event "ESP-ch 86th"]
[Site "Linares"]
[Date "2021.08.20"]
[Round "5"]
[White "Garcia Martin, Marta"]
[Black "Centeno Mendoza, Julio Stefano"]
[Result "1-0"]
[WhiteElo "2317"]
[BlackElo "1988"]
[PlyCount "107"]
[EventDate "2021.08.16"]
[EventType "swiss"]
[EventRounds "9"]
[EventCountry "ESP"]
[SourceTitle "CBM 204 Extra"]
[Source "ChessBase"]
[SourceDate "2021.11.30"]
[SourceVersion "1"]
[SourceVersionDate "2021.11.30"]
[SourceQuality "1"]

1. e4 e5 2. Nf3 Nc6 3. Bc4 Bc5 4. 0-0 Nf6 5. d3 0-0 6. Bg5 h6 7. Bh4 g5 8. Bg3 d6 9. a4 a5 10. c3 Bb6 11. Nbd2 Be6 12. Re1 Qd7 13. Bb5 Bg4 14. Nc4 Bc5 15. d4 exd4 16. cxd4 Bb4 17. Re3 Qd8 18. d5 Ne7 19. e5 Nfxd5 20. Rd3 dxe5 21. Ncxe5 Bf5 22. h4 f6 23. Rxd5 Nxd5 24. Nd7 c6 25. Nxf8 cxb5 26. Nd4 Qxf8 27. Nxf5 Rd8 28. Qh5 Kh7 29. axb5 Ne7 30. Qf3 Nxf5 31. Qxf5+ Kg7 32. Rc1 Bd6 33. b6 Bxg3 34. fxg3 Re8 35. Rc7+ Re7 36. Qd5 Kg6 37. Qxb7 Re1+ 38. Kf2 Re5 39. Qf3 h5 40. Qd3+ Rf5+ 41. Kg1 Qb4 42. Qd7 Qxb6+ 43. Kh2 Qxc7 44. Qxc7 Re5 45. Qd8 g4 46. Qg8+ Kf5 47. Kg1 Ke4 48. Kf2 Kd4 49. Qg6 Kc4 50. Qxf6 Kd5 51. Qb6 Kc4 52. b3+ Kc3 53. Qc7+ Kd4 54. Qc4# 1-0

[Event "ESP-chT Regional U14"]
[Site "Gijon"]
[Date "2021.06.19"]
[Round "5.1"]
[White "Centeno Mendoza, Julio Stefano"]
[Black "Vergara Anton, Diego"]
[Result "1/2-1/2"]
[WhiteElo "2001"]
[BlackElo "2160"]
[PlyCount "75"]
[EventDate "2021.06.17"]
[EventType "team-swiss"]
[EventRounds "6"]
[EventCountry "ESP"]
[SourceTitle "EXT 2022"]
[Source "ChessBase"]
[SourceDate "2021.10.06"]
[SourceVersion "1"]
[SourceVersionDate "2021.10.06"]
[SourceQuality "1"]
[WhiteTeam "Madrid U14"]
[BlackTeam "Asturias U14"]
[WhiteTeamCountry "ESP"]
[BlackTeamCountry "ESP"]

1. e4 e6 2. d4 d5 3. e5 c5 4. c3 Nc6 5. Nf3 Qb6 6. a3 c4 7. Nbd2 Na5 8. Be2 Bd7 9. 0-0 h6 10. Rb1 Ne7 11. Qc2 0-0-0 12. Re1 Kb8 13. Bd1 Rc8 14. Nf1 Nb3 15. Be3 Ba4 16. Qe2 Qb5 17. N3d2 Nxd2 18. Bxd2 Nc6 19. Ne3 Na5 20. Nc2 Nb3 21. Be3 Qd7 22. h4 h5 23. Qf3 g6 24. Bg5 Bh6 25. Bxh6 Rxh6 26. Qf4 Rhh8 27. Re2 Na5 28. Ne1 Bxd1 29. Rxd1 Rc7 30. Nf3 Nb3 31. Ng5 a5 32. Re3 Re8 33. Rf3 Re7 34. Qe3 a4 35. Rf6 Na5 36. Re1 Nc6 37. Qd2 Nd8 38. Qe3 1/2-1/2